| 000 -LEADER |
| fixed length control field |
01000nam a2200205Ia 4500 |
| 008 - FIXED-LENGTH DATA ELEMENTS--GENERAL INFORMATION |
| fixed length control field |
200103s 1940 ||||xx |||||||||||||| ||und|| |
| 082 ## - DEWEY DECIMAL CLASSIFICATION NUMBER |
| Classification number |
620.1 |
| Item number |
TIM |
| 100 ## - MAIN ENTRY--PERSONAL NAME |
| Personal name |
Timoshenko, S. |
| 245 #0 - TITLE STATEMENT |
| Title |
Engineering mechanics |
| 250 ## - EDITION STATEMENT |
| Edition statement |
2nd |
| 260 ## - PUBLICATION, DISTRIBUTION, ETC. (IMPRINT) |
| Name of publisher, distributor, etc |
McGraw-Hill Book Company, Inc. |
| Date of publication, distribution, etc |
1940 |
| Place of publication, distribution, etc |
New York |
| 300 ## - PHYSICAL DESCRIPTION |
| Extent |
xiv, 523 p.: ill. |
| 504 ## - BIBLIOGRAPHY, ETC. NOTE |
| Bibliography, etc |
Table of Contents<br/><br/>Preface<br/>Notations<br/>Introduction<br/>Concurrent forces in a plane<br/>Parallel forces in a plane<br/>General case of forces in a plane<br/>Force systems in space<br/>Principle of virtual work<br/>Rectilinear translation<br/>Curvilinear translation<br/>Rotation of a rigid body about a fixed axis<br/>Plane motion of a rigid body<br/>Relative motion --<br/>Appendix 1. Moments of inertia of plane figures<br/>Appendix 2. Moments of inertia of material bodies<br/>Index |
| 650 ## - SUBJECT ADDED ENTRY--TOPICAL TERM |
| Topical term or geographic name as entry element |
Mechanics, Applied |
| 650 ## - SUBJECT ADDED ENTRY--TOPICAL TERM |
| Topical term or geographic name as entry element |
Statics - Dynamics |
| 650 ## - SUBJECT ADDED ENTRY--TOPICAL TERM |
| Topical term or geographic name as entry element |
Forces and couples |
| 650 ## - SUBJECT ADDED ENTRY--TOPICAL TERM |
| Topical term or geographic name as entry element |
Mechanics - Engineering |
| 700 ## - ADDED ENTRY--PERSONAL NAME |
| Personal name |
Young, D. H. |
| Relator term |
Co-author |
| 942 ## - ADDED ENTRY ELEMENTS (KOHA) |
| Item type |
Books |